Filmes közösségek a közművelődésben
| Main Author: | |
|---|---|
| Other Authors: | |
| Format: | Thesis |
| Kulcsszavak: | filmipar filmklub közművelődés közösségszervezés kultúra |
| Online Access: | http://dolgozattar.uni-bge.hu/59990 |
MARC
| LEADER | 00000nta a2200000 i 4500 | ||
|---|---|---|---|
| 001 | dolg59990 | ||
| 005 | 20260409145835.0 | ||
| 008 | 260409suuuu hu om 000 hun d | ||
| 040 | |a BGE Dolgozattár Repozitórium |b hun | ||
| 041 | |a hu | ||
| 100 | 1 | |a Kovács Annamária | |
| 245 | 1 | 0 | |a Filmes közösségek a közművelődésben |c Kovács Annamária |h [elektronikus dokumentum] |
| 520 | 3 | |a Szakdolgozatom által betekintést nyerhetünk a ma működő magyarországi filmklubok világába, ám ennek csak egy szűk szegmensét vizsgáltam. A dolgozat célja a filmes közösségek közművelődésben betöltött szerepének feltárása, a magyar népművelés kezdeti korszakától, érintve a magyar mozgókép kialakulását, egészen napjainkig. Primer kutatásom során felmértem több budapesti és agglomerációjában, illetve vidéken lévő filmes közösségek látogatottságát, szervezőinek tapasztalatait melyeket nyílt kérdések megválaszolásával fejthettek ki. Emellett vizsgáltam azt is, hogy a napjainkban elterjedt streaming szolgáltatások milyen hatással vannak a közösségi filmnézésre, vagy a moziba járás jövőjére. Kutatásom eredményei rávilágítanak arra, hogy a filmes közösségek aktív szerepet játszanak a kulturális értékek közvetítésében. | |
| 695 | |a filmipar | ||
| 695 | |a filmklub | ||
| 695 | |a közművelődés | ||
| 695 | |a közösségszervezés | ||
| 695 | |a kultúra | ||
| 700 | 1 | |a Petõ Lilla |e ths | |
| 856 | 4 | 0 | |u http://dolgozattar.uni-bge.hu/59990/1/Szakdolgozat%20-%20Kov%C3%A1cs%20Annam%C3%A1ria.pdf |z Dokumentum-elérés |
| 856 | 4 | 0 | |u http://dolgozattar.uni-bge.hu/59990/2/Kov%C3%A1cs%20Annam%C3%A1ria_b%C3%ADr%C3%A1lat.pdf |z Dokumentum-elérés |
| 856 | 4 | 0 | |u http://dolgozattar.uni-bge.hu/59990/3/Kov%C3%A1csannam%C3%A1ria.pdf |z Dokumentum-elérés |